000 00692nam a2200289Ia 4500
005 20260324120336.0
008 008 260324s9999 xx 000 0 eng d
020 _a9780429160844
037 _aEBOOK
040 _aCRL
040 _beng
040 _cCRL
041 _2eng
041 _aeng
084 _qCRL
100 _aSaeedeh Rafiei
_91158181
245 0 _aFoundations of Nanotechnology, Volume Three
245 0 _bMechanics of Carbon Nanotubes
260 _bTaylor and Francis
260 _c2015
365 _a
365 _b265
856 _uhttp://www.taylorfrancis.com/books/9780429160844
942 _cEBOOK
999 _c1749668
_d1749668